La potra : estancia los capitanejos /
Guardado en:
| Autor Principal: | |
|---|---|
| Otros Autores: | |
| Formato: | Libro |
| Publicado: |
Buenos Aires :
Interzona,
2003
|
| Materias: | |
| Etiquetas: |
Agregar Etiqueta
Sin Etiquetas, Sea el primero en etiquetar este registro!
|
| LEADER | 00663nam a22002175a 4500 | ||
|---|---|---|---|
| 001 | CEM.cems011552 | ||
| 005 | 20101125113153.0 | ||
| 008 | 130507s2003##################000#0#####d | ||
| 003 | CEMS | ||
| 020 | |a 9872067767 | ||
| 082 | 0 | 4 | |a A863.4 |
| 100 | 1 | |a Filloy, Juan | |
| 245 | 1 | 0 | |a La potra : |b estancia los capitanejos / |c Juan Filloy ; prólogo de Mempo Giardinelli |
| 260 | |a Buenos Aires : |b Interzona, |c 2003 | ||
| 300 | |a 286 p. | ||
| 653 | |a Literatura | ||
| 653 | |a Literatura argentina-siglo 20 | ||
| 653 | |a Novelas | ||
| 653 | |a Novelas argentinas-siglo 20 | ||
| 700 | 1 | |a Giardinelli, Mempo, pról. | |
| 859 | |a CEMS |b BIB. CEMS - 11 de abril |h A863.4 |i F486 |p 22513.04 |t Ej.1 | ||
